000 00359nam a2200145Ia 4500
008 230312s9999||||xx |||||||||||||| ||und||
020 _a9789699739835
082 _a891.4
_bAYU-H
100 _aڈاکٹر ایوب گورایا
245 0 _aھم غر یب کیوں؟
260 _bJamhori
_apak
_c2014
300 _a224
650 _aLiterature
942 _cBK
999 _c14951
_d14951